| 000 | 00631cab a22001935a 4500 | ||
|---|---|---|---|
| 001 | L141950 | ||
| 008 | 080116e20080111xxkao f 000 0 eng d | ||
| 035 | _a(Sirsi) u141950 | ||
| 041 | 0 | _aeng | |
| 100 | 1 | _aWatson, Stuart | |
| 245 | 0 | 0 |
_aRegional report _bEssex and north-east London |
| 260 | _c2008 | ||
| 490 | 0 |
_aProperty Week _v73(2) 11 January 2008, 73-80(6) |
|
| 520 | _aNews and market developments from around the region; three large retail schemes in Chemsford; developments in the sheds market. | ||
| 590 | _aKA | ||
| 651 | 4 | _aEssex | |
| 690 | _aPROPERTY-COMMERCIAL PROPERTY-COMMERCIAL PROPERTY MARKET | ||
| 942 | _n0 | ||
| 999 |
_c79666 _d79666 |
||